| 000 | 00725cam a22002291 4500 | ||
|---|---|---|---|
| 001 | gs 11000319 | ||
| 003 | DLC | ||
| 005 | 20260227111311.0 | ||
| 008 | 750519s1911 enka b 000 0 eng c | ||
| 010 | _ags 11000319 | ||
| 035 | _a(OCoLC)1343601 | ||
| 040 |
_aU. S. Geol. survey. _cOT _dOCoLC _dDLC |
||
| 042 | _apremarc | ||
| 050 | 0 | 0 |
_aTN800 _b.A7 |
| 100 | 1 |
_aArber, E. A. Newell _q(Edward Alexander Newell), _d1870-1918. |
|
| 245 | 1 | 4 |
_aThe natural history of coal, _cby E. A. Newell Arber ... |
| 260 |
_aCambridge [Eng.] _bUniversity press, _c1911. |
||
| 300 |
_ax, 163, [1] p. _billus. _c17 cm. |
||
| 440 | 4 | _aThe Cambridge manuals of science and literature | |
| 504 | _aBibliography: p. [153]-156. | ||
| 650 | 0 | _aCoal. | |
| 999 |
_c25033 _d25033 |
||